000 00279nam a2200121 i 4500
001 bg
245 0 _aZasoby przyrody województwa gorzowskiego.
260 _aGorzów Wlkp.,
_c1981.
040 _cBPK
041 _apol
942 _cKS
008 s pl f |000 0 pol
999 _c22144
_d22144
856 _uhttp://koha.tu.koszalin.pl/cgi-bin/koha/opac-detail.pl?biblionumber=22144
_yKatalog online BPK